Revista de filología hispánica / (Record no. 1878)

MARC details
000 -LEADER
campo de control de longitud fija 01057nas a2200277 i 4500
001 - NÚMERO DE CONTROL
campo de control 1878
003 - IDENTIFICADOR DE NÚMERO DE CONTROL
campo de control ES-MaACL
005 - FECHA Y HORA DE LA ÚLTIMA TRANSACCIÓN
campo de control 20250217134418.0
007 - CAMPO FIJO DE DESCRIPCIÓN FÍSICA--INFORMACIÓN GENERAL
campo de control de longitud fija t|
008 - DATOS DE LONGITUD FIJA--INFORMACIÓN GENERAL
campo de control de longitud fija 950801d19391946sp | | 1 ||pa d
022 ## - NÚMERO INTERNACIONAL NORMALIZADO PARA PUBLICACIONES SERIADAS
Número Internacional Normalizado para Publicaciones Seriadas 0326-7172
080 ## - NÚMERO DE LA CLASIFICACIÓN DECIMAL UNIVERSAL
Número de la Clasificación Decimal Universal 806.0(05)
080 ## - NÚMERO DE LA CLASIFICACIÓN DECIMAL UNIVERSAL
Número de la Clasificación Decimal Universal 811.134.2(05)
245 00 - MENCIÓN DEL TÍTULO
Título Revista de filología hispánica /
Mención de responsabilidad, etc. [dir. Amado Alonso].
260 ## - PUBLICACIÓN, DISTRIBUCIÓN, ETC.
Lugar de publicación, distribución, etc. Buenos Aires :
Nombre del editor, distribuidor, etc. Instituto de Filología, Facultad de Filosofía y Letras, Universidad de Buenos Aires ;
Lugar de publicación, distribución, etc. Nueva York :
Nombre del editor, distribuidor, etc. Instituto de las Españas, Department of Hispanic Languages, Columbia University,
Fecha de publicación, distribución, etc. 1939-1946.
300 ## - DESCRIPCIÓN FÍSICA
Extensión 7 v. ;
Dimensiones 27 cm.
310 ## - PERIODICIDAD ACTUAL
Periodicidad actual Trimestral
362 0# - FECHAS DE PUBLICACIÓN Y/O DESIGNACIÓN SECUENCIAL
Fecha de publicación y/o designación secuencial Año I (nº 1 ene. 1939)- Año VIII (jul. 1946)
650 14 - PUNTO DE ACCESO ADICIONAL DE MATERIA--TÉRMINO DE MATERIA
Término de materia o nombre geográfico como elemento de entrada Lingüística. Filología.
9 (RLIN) 14477
700 1# - ENTRADA AGREGADA--NOMBRE PERSONAL
Nombre de persona Alonso, Amado.
9 (RLIN) 20182
710 2# - ENTRADA AGREGADA--NOMBRE DE ENTIDAD CORPORATIVA
Nombre de entidad corporativa o nombre de jurisdicción como elemento de entrada Instituto de Filología (Buenos Aires)
9 (RLIN) 4943
710 2# - ENTRADA AGREGADA--NOMBRE DE ENTIDAD CORPORATIVA
Nombre de entidad corporativa o nombre de jurisdicción como elemento de entrada Hispanic Institute in the United States.
Unidad subordinada Department of Hispanic Languages.
9 (RLIN) 142168
852 ## - LOCALIZACIÓN
Ubicación ES-MaACL
Número de control de estantería Hem-865
866 #0 - MENCIÓN TEXTUAL DE FONDOS--UNIDAD BIBLIOGRÁFICA BÁSICA
Fondos 1939-42(1943f.n.2)1944-46
Holdings
Estatus retirado Estado de pérdida Estado de daño No para préstamo Colección Biblioteca de origen Biblioteca actual Ubicación en estantería Fecha de adquisición Fuente de adquisición Total de préstamos Signatura topográfica completa Código de barras Visto por última vez Precio de reemplazo Tipo de ítem Koha
        Periódicos y Revistas Biblioteca del Ateneo de Madrid Biblioteca del Ateneo de Madrid Depósito 1 17/01/2008     Hem-865 1001917 23/02/2023 23/02/2023 Revista